000 00820nmm a2200265 a 4500
001 ocm000906581
003 TR-IsHL
005 20201028144858.0
008 141121s2014 tu tur
007 cr cn
020 _a9786054812486
035 _a906581
_b(N$T)
050 0 4 _aPL248.O38
_bA85 2014
090 0 4 _aPL248.O38
_bA85 2014
100 1 _aOkur, Ekmel Ali
245 1 0 _aAşk yüreğe düşünce
_h[electronic resource] /
_cEkmel Ali Okur
260 _aİstanbul :
_bAZ Kitap,
_c2014
300 _a257 p.
650 4 _aDil ve Edebiyat
650 4 _aLanguage and Literature
650 0 _aTurkish fiction
650 0 _aTürk romanı
650 7 _aLITERARY COLLECTIONS / Middle Eastern
_2bisacsh
856 4 0 _uhttp://search.ebscohost.com/login.aspx?direct=true&scope=site&db=e011xww&AN=906581
999 _c9662
_d9662